| 000 | 00598cab a2200205 4500 | ||
|---|---|---|---|
| 001 | ABS42282 | ||
| 008 | 090401t1990 xxu||||| |||| 00| 0 eng d | ||
| 035 | _a(Sirsi) u35952 | ||
| 041 | _aeng | ||
| 100 | _aSimpson, J. | ||
| 245 | _aHidden dangers | ||
| 260 | _c1990 | ||
| 350 | _a0 | ||
| 490 |
_aBuilding Today _v199(5848) 22 March 1990, 20-22(3) |
||
| 520 | _aExamines the problems that can be caused by cavity wall ties and reviews the repairs systems available. | ||
| 650 | _aWALL TIES | ||
| 690 | _aBUILDING AND CONSTRUCTION-DEFECTS AND FAILURES | ||
| 942 | _n0 | ||
| 948 | _c04/03/1997 | ||
| 999 |
_c23491 _d23491 |
||